A valuer's guide to the RICS Red Book 2014 (Record no. 115083)
[ view plain ]
| 000 -LEADER | |
|---|---|
| fixed length control field | 01545cam a22002535a 4500 |
| 001 - CONTROL NUMBER | |
| control field | L158027 |
| 008 - FIXED-LENGTH DATA ELEMENTS--GENERAL INFORMATION | |
| fixed length control field | 100114s2014 xxk f 001 0 eng d |
| 020 ## - INTERNATIONAL STANDARD BOOK NUMBER | |
| International Standard Book Number | 9781783210343 |
| 035 ## - SYSTEM CONTROL NUMBER | |
| System control number | (Sirsi) u158027 |
| 041 0# - LANGUAGE CODE | |
| Language code of text/sound track or separate title | eng |
| 050 04 - LIBRARY OF CONGRESS CALL NUMBER | |
| Classification number | 333.332 $2 18 |
| 100 1# - MAIN ENTRY--PERSONAL NAME | |
| Personal name | Banfield, Anthony |
| 245 02 - TITLE STATEMENT | |
| Title | A valuer's guide to the RICS Red Book 2014 |
| 250 ## - EDITION STATEMENT | |
| Edition statement | 7th ed. |
| 260 ## - PUBLICATION, DISTRIBUTION, ETC. | |
| Place of publication, distribution, etc. | London |
| Name of publisher, distributor, etc. | RICS |
| Date of publication, distribution, etc. | 2014 |
| 300 ## - PHYSICAL DESCRIPTION | |
| Extent | xxii, 218p. |
| Dimensions | 21cm |
| 520 ## - SUMMARY, ETC. | |
| Summary, etc. | Outlines the layout, purpose and structure of RICS Professional Valuation Standards January 2014 (Red Book) which came into force on 6 January 2014. Route map breaks down the valuation processes into four stages, preliminary questions, terms of engagement, valuation preparation and reporting through a series of flow charts. Looks at compliance issues, ethics, competency, objectivity, disclosures, inspections and material considerations, valuation bases and assumptions. Covers valuations for secured lending, factors which need to be taken into consideration in times of economic uncertainty and issues relating to specialist valuations. Deals with Red Book valuations undertaken outside the UK in a separate chapter. Highlights common problems and pitfalls found in valuation reports. Reproduces the Red Book Glossary in full. A series of useful FAQs under each chapter heading forms part of contents pages. |
| 520 ## - SUMMARY, ETC. | |
| Summary, etc. | Supersedes the sixth edition ISBN 9781842197738 |
| 521 ## - TARGET AUDIENCE NOTE | |
| Target audience note | Advanced |
| 651 #4 - SUBJECT ADDED ENTRY--GEOGRAPHIC NAME | |
| Geographic name | International |
| 690 ## - LOCAL SUBJECT ADDED ENTRY--TOPICAL TERM (OCLC, RLIN) | |
| Topical term or geographic name as entry element | Valuation |
| 9 (RLIN) | 6273 |
| 942 ## - ADDED ENTRY ELEMENTS (KOHA) | |
| Suppress in OPAC | 0 |
| Withdrawn status | Lost status | Source of classification or shelving scheme | Damaged status | Not for loan | Home library | Current library | Shelving location | Date acquired | Total Checkouts | Full call number | Barcode | Date last seen | Copy number | Price effective from | Koha item type | Date last checked out |
|---|---|---|---|---|---|---|---|---|---|---|---|---|---|---|---|---|
| Dewey Decimal Classification | London | London | RICS Boxes | 10/01/2014 | RICS 2014/22 | 30078220 | 06/08/2019 | 1 | 06/08/2019 | Archive | ||||||
| Dewey Decimal Classification | London | London | Books | 10/01/2014 | 333.332 BAN | 30078224 | 06/08/2019 | 1 | 06/08/2019 | Reference material | ||||||
| Dewey Decimal Classification | London | London | Books | 10/01/2014 | 1 | 333.332 BAN | 30078053 | 06/08/2019 | 2 | 06/08/2019 | Book | 29/09/2014 |